00623nam a22001697a 4500003000900000008004100009040007100050082001700121245003000138260004600168300002800214505013800242650002300380650001800403650001000421650002200431AR-CdUCM190305b ||||| |||| 00| 0 spa d aMUNICIPALIDAD PROVINCIAL DEL CUSCOcBIBLIOTECA MUNICIPAL DEL CUSCO a808.7 /bH93 aHumorismo Internacional / aBarcelona :bEditorial B. Bauzá,c1931. a268 Páginas ;c18 cm. aContenido: Un hombre original -- Los ladrones -- Las botas -- La lección bien aprendida -- Una mosca vulgar -- Natalia Dadidovna... aLiteratura Europea aLos Ladrones  aHumor aLa gata pensadora